Communication research methods: (Record no. 34929)

MARC details
000 -LEADER
fixed length control field 00558nam a22001937a 4500
005 - DATE AND TIME OF LATEST TRANSACTION
control field 20231214161114.0
008 - FIXED-LENGTH DATA ELEMENTS--GENERAL INFORMATION
fixed length control field 231214b |||||||| |||| 00| 0 eng d
020 ## - INTERNATIONAL STANDARD BOOK NUMBER
ISBN 0-534-58140-4
082 ## - DEWEY DECIMAL CLASSIFICATION NUMBER
Classification number 302.2072
Item number MER-C
100 ## - MAIN ENTRY--AUTHOR
Author Name Merrigan, Gerianne
245 ## - TITLE STATEMENT
Title Communication research methods:
Statement of responsibility, etc. Merrigan, Gerianne; Huston, Carole Logan; Johnston, Russell T-
260 ## - PUBLICATION, DISTRIBUTION, ETC.
Place of Publication USA
Name of publisher, distributor, etc. Thomson
Date of publication, distribution, etc. 2004
300 ## - PHYSICAL DESCRIPTION
Pages 362
500 ## - GENERAL NOTE
General note Index Given.
650 ## - SUBJECT ADDED ENTRY--TOPICAL TERM
Subject / Department Mass Communication
700 ## - ADDED ENTRY--PERSONAL NAME
Personal name Huston, Carole Logan
700 ## - ADDED ENTRY--PERSONAL NAME
Personal name Johnston, Russell T-
952 ## - LOCATION AND ITEM INFORMATION (KOHA)
-- 0
-- 0
Holdings
Lost status Damaged status Collection code Permanent Location Current Location Shelving Location Date acquired Full Call Number Accession No./Barcode Date last seen item type Koha item type
    Science Superior Information Resource Center (SIRC) Superior University- Central Library Superior Information Resource Center (SIRC) Superior University- Central Library Mass Communication 12/14/2023 302.2072 MER-C 2004 29073 12/14/2023 BOOK BOOK

Powered by Koha